<?xml version="1.0" encoding="UTF-8"?>
<record
    xmlns:xsi="http://www.w3.org/2001/XMLSchema-instance"
    xsi:schemaLocation="http://www.loc.gov/MARC21/slim http://www.loc.gov/standards/marcxml/schema/MARC21slim.xsd"
    xmlns="http://www.loc.gov/MARC21/slim">

  <leader>01518cam a2200277 a 4500</leader>
  <controlfield tag="003">OSt</controlfield>
  <controlfield tag="005">20210805154707.0</controlfield>
  <controlfield tag="008">100122s2010    dcu      b    001 0 eng  </controlfield>
  <datafield tag="020" ind1=" " ind2=" ">
    <subfield code="a">9780844743240 </subfield>
  </datafield>
  <datafield tag="020" ind1=" " ind2=" ">
    <subfield code="a">0844743240</subfield>
  </datafield>
  <datafield tag="035" ind1=" " ind2=" ">
    <subfield code="a">(OCoLC)ocn502158596</subfield>
  </datafield>
  <datafield tag="040" ind1=" " ind2=" ">
    <subfield code="a">DLC</subfield>
    <subfield code="c">CO-JMCR</subfield>
  </datafield>
  <datafield tag="041" ind1=" " ind2=" ">
    <subfield code="a">eng</subfield>
  </datafield>
  <datafield tag="082" ind1="0" ind2="4">
    <subfield code="a">332.15 /</subfield>
    <subfield code="b">M875o</subfield>
    <subfield code="2">23</subfield>
  </datafield>
  <datafield tag="100" ind1="1" ind2=" ">
    <subfield code="a">Andrew P. Morriss, </subfield>
    <subfield code="e">autor</subfield>
    <subfield code="9">39121</subfield>
  </datafield>
  <datafield tag="245" ind1="1" ind2="0">
    <subfield code="a">Offshore financial centers and regulatory competition /</subfield>
    <subfield code="c">Andrew P. Morriss, </subfield>
  </datafield>
  <datafield tag="260" ind1=" " ind2=" ">
    <subfield code="a">Washington, D.C. :</subfield>
    <subfield code="b">AEI Press :</subfield>
    <subfield code="b">Distributed by Rowman &amp; Littlefield Pub.,</subfield>
    <subfield code="c">2010.</subfield>
  </datafield>
  <datafield tag="300" ind1=" " ind2=" ">
    <subfield code="a">vi, 199 pages ;</subfield>
    <subfield code="c">24 cm.</subfield>
  </datafield>
  <datafield tag="504" ind1=" " ind2=" ">
    <subfield code="a">Includes bibliographical references : pages. 147-183.  and index.</subfield>
  </datafield>
  <datafield tag="505" ind1="0" ind2=" ">
    <subfield code="t">Introduction / </subfield>
    <subfield code="r">Andrew P. Morriss -- </subfield>
    <subfield code="t">Offshore finance and onshore markets : racing to the bottom, or moving toward efficient? / </subfield>
    <subfield code="r">Anna Manasco Dionne and Jonathan R. Macey -- </subfield>
    <subfield code="t">The legitimacy of the offshore financial sector : a legal perspective / </subfield>
    <subfield code="r">Rose-Marie Belle Antoine -- </subfield>
    <subfield code="t">Regulating tax competition in offshore financial centers / </subfield>
    <subfield code="r">Craig M. Boise -- </subfield>
    <subfield code="t">The International Monetary Fund and the regulation of offshore centers / </subfield>
    <subfield code="r">Richard K. Gordon -- </subfield>
    <subfield code="t">The role of offshore financial centers in regulatory competition / </subfield>
    <subfield code="r">Andrew P. Morriss.</subfield>
  </datafield>
  <datafield tag="610" ind1="2" ind2="0">
    <subfield code="a">International Monetary Fund.</subfield>
    <subfield code="9">39122</subfield>
  </datafield>
  <datafield tag="650" ind1=" " ind2="0">
    <subfield code="a">Banks and banking, International.</subfield>
    <subfield code="9">39123</subfield>
  </datafield>
  <datafield tag="650" ind1="1" ind2="4">
    <subfield code="a">Banks and banking, International</subfield>
    <subfield code="x">Law and legislation.</subfield>
    <subfield code="9">39124</subfield>
  </datafield>
  <datafield tag="650" ind1="2" ind2="4">
    <subfield code="a">Investments, Foreign.</subfield>
    <subfield code="9">39125</subfield>
  </datafield>
  <datafield tag="942" ind1=" " ind2=" ">
    <subfield code="2">ddc</subfield>
    <subfield code="c">BK</subfield>
  </datafield>
  <datafield tag="999" ind1=" " ind2=" ">
    <subfield code="c">12104</subfield>
    <subfield code="d">12104</subfield>
  </datafield>
  <datafield tag="952" ind1=" " ind2=" ">
    <subfield code="0">0</subfield>
    <subfield code="1">0</subfield>
    <subfield code="2">ddc</subfield>
    <subfield code="4">0</subfield>
    <subfield code="7">0</subfield>
    <subfield code="a">CPL</subfield>
    <subfield code="b">CPL</subfield>
    <subfield code="c">GEN</subfield>
    <subfield code="d">2018-04-15</subfield>
    <subfield code="e">Donaci&#xF3;n</subfield>
    <subfield code="o">332.15 / M875o</subfield>
    <subfield code="p">430000575</subfield>
    <subfield code="r">2024-05-16 00:00:00</subfield>
    <subfield code="t">Ej.1</subfield>
    <subfield code="w">2021-03-10</subfield>
    <subfield code="y">BK</subfield>
  </datafield>
</record>
